|
|
|
|
| LEADER |
01557nam a2200385 a 4500 |
| 001 |
EBC2126808 |
| 003 |
MiAaPQ |
| 005 |
20200520144314.0 |
| 006 |
m o d | |
| 007 |
cr cn||||||||| |
| 008 |
101105s2011 enk sb 001 0 eng d |
| 020 |
|
|
|z 9781848930544
|
| 020 |
|
|
|z 9781848930551 (e-book)
|
| 035 |
|
|
|a (MiAaPQ)EBC2126808
|
| 035 |
|
|
|a (Au-PeEL)EBL2126808
|
| 035 |
|
|
|a (CaPaEBR)ebr10421875
|
| 035 |
|
|
|a (CaONFJC)MIL282238
|
| 035 |
|
|
|a (OCoLC)918622012
|
| 040 |
|
|
|a MiAaPQ
|c MiAaPQ
|d MiAaPQ
|
| 043 |
|
|
|a e-uk-en
|
| 050 |
|
4 |
|a HD8039.O32
|b G74 2011
|
| 100 |
1 |
|
|a Heller, Michael.
|
| 245 |
1 |
0 |
|a London clerical workers, 1880-1914
|h [electronic resource] :
|b development of the labour market /
|c by Michael Heller.
|
| 260 |
|
|
|a London :
|b Pickering & Chatto Publishers,
|c 2011.
|
| 300 |
|
|
|a xi, 262 p.
|
| 490 |
1 |
|
|a Perspectives in economic and social history ;
|v v. 8
|
| 504 |
|
|
|a Includes bibliographical references (p. 213-254) and index.
|
| 533 |
|
|
|a Electronic reproduction. Ann Arbor, MI : ProQuest, 2016. Available via World Wide Web. Access may be limited to ProQuest affiliated libraries.
|
| 650 |
|
0 |
|a Clerks
|z England
|x Social conditions
|y 19th century.
|
| 650 |
|
0 |
|a Clerks
|z England
|x Economic conditions
|y 20th century.
|
| 650 |
|
0 |
|a Clerks
|z England
|x Economic conditions
|y 19th century.
|
| 655 |
|
4 |
|a Electronic books.
|
| 710 |
2 |
|
|a ProQuest (Firm)
|
| 830 |
|
0 |
|a Perspectives in economic and social history ;
|v no. 8.
|
| 856 |
4 |
0 |
|u https://ebookcentral.proquest.com/lib/matrademy/detail.action?docID=2126808
|z Click to View
|